[Event "5th Douglas Martinez"]
[Site "Guarenas VEN"]
[Date "2012.10.26"]
[Round "2.1"]
[White "Iturrizaga,E"]
[Black "Borges Mateos,J"]
[Result "1-0"]
[WhiteElo "2639"]
[BlackElo "2453"]

1.Nf3 d5 2.c4 c6 3.e3 Nf6 4.Nc3 e6 5.Qc2 Nbd7 6.b3 Bd6 7.Bb2 O-O 8.Rg1 Qe7
9.g4 Rd8 10.h4 Ba3 11.Bxa3 Qxa3 12.g5 Ne8 13.d4 b6 14.Bd3 Nf8 15.Ne5 Bb7
16.h5 c5 17.Bxh7+ Nxh7 18.g6 Ng5 19.f4 f6 20.fxg5 fxe5 21.dxe5 d4 22.Qf2 Nf6
23.exf6 Qa5 24.Rc1 dxc3 25.Rc2 Be4 26.Qf4 Bb7 27.Qf3 Rd2 28.Qf4  1-0

[Event "16th Unive Open"]
[Site "Hoogeveen NED"]
[Date "2012.10.26"]
[Round "8"]
[White "Valdes,Le"]
[Black "Van Kampen,R"]
[Result "0-1"]
[WhiteElo "2414"]
[BlackElo "2570"]

1.Nf3 d5 2.c4 d4 3.g3 Nc6 4.Bg2 e5 5.d3 Bb4+ 6.Bd2 a5 7.O-O Nf6 8.Na3 O-O
9.Nc2 Re8 10.Nxb4 axb4 11.Qb3 Qe7 12.a3 bxa3 13.Rxa3 Rxa3 14.bxa3 h6 15.Bb4 Qd8
16.Nd2 Nb8 17.a4 c6 18.Ba3 Na6 19.Qc2 Qa5 20.Rb1 Nc5 21.Nb3 Nxb3 22.Qxb3 e4
23.c5 exd3 24.Qxd3 Qxa4 25.Rb4 Qa5 26.Rxd4 Qe1+ 27.Bf1 Ng4 28.Rf4 Nxh2 29.e3 g5
30.Kxh2 gxf4 31.exf4 Qxf2+  0-1

[Event "Danilo Batricevic Mem Balkan GP"]
[Site "Cetinje MNE"]
[Date "2012.10.27"]
[Round "9.10"]
[White "Nikcevic,N"]
[Black "Saranovic,M"]
[Result "1-0"]
[WhiteElo "2432"]
[BlackElo "2159"]

1.Nf3 d5 2.c4 e6 3.g3 Nf6 4.Bg2 Be7 5.O-O O-O 6.d4 c6 7.Qc2 b6 8.Rd1 Ba6
9.Ne5 Qc8 10.Bf4 Nbd7 11.cxd5 cxd5 12.Nc3 Nh5 13.Rac1 Nxf4 14.gxf4 Nxe5 15.fxe5 Qd7
16.e4 Bg5 17.Rb1 Rac8 18.exd5 exd5 19.Re1 Rc4 20.Rbd1 Bb7 21.Qd3 a6 22.Qg3 Be7
23.f4 b5 24.Bh3 Qd8 25.Re2 f5 26.Bf1 Rc6 27.Qf3 Qd7 28.Rg2 Rc7 29.Bd3 b4
30.Ne2 Bc8 31.Kh1 Kh8 32.Rdg1 Bh4 33.Qh5 Qd8 34.Rg4 Bf2 35.R1g2 Qe8 36.Qxe8 Rxe8
37.Rg5 Bh4 38.Rh5 Be1 39.Bxf5 Bxf5 40.Rxf5 Rc2 41.Rf7 Rxb2 42.f5 Bd2 43.Rgxg7 Bh6
44.Rxh7+ Kg8 45.Rc7 Bf8 46.Nf4  1-0

[Event "TCh-FIN SM 2012-13"]
[Site "Oulu FIN"]
[Date "2012.10.27"]
[Round "4.1"]
[White "Nyback,T"]
[Black "Kiuttu,R"]
[Result "1-0"]
[WhiteElo "2618"]
[BlackElo "2324"]

1.Nf3 d5 2.c4 e6 3.g3 dxc4 4.Qa4+ Nd7 5.Qxc4 a6 6.Bg2 b5 7.Qc2 Bb7 8.O-O Ngf6
9.a4 c5 10.d3 Bd6 11.Nc3 Bc6 12.Bg5 h6 13.Ne4 Be7 14.Bxf6 gxf6 15.d4 c4 16.Rfd1 Rc8
17.axb5 axb5 18.Nc3 Nb6 19.d5 exd5 20.Nd4 O-O 21.Nxc6 Rxc6 22.Nxd5 Rd6 23.Qf5 Kg7
24.Ne3 Rxd1+ 25.Rxd1 Qc8 26.Qh5 Rd8 27.Rxd8 Bxd8 28.Nf5+ Kf8 29.Qxh6+ Ke8
30.Nd6+  1-0

[Event "TCh-FIN SM 2012-13"]
[Site "Oulu FIN"]
[Date "2012.10.27"]
[Round "4.5"]
[White "Issakainen,A"]
[Black "Kilpi,T"]
[Result "1-0"]
[WhiteElo "2212"]
[BlackElo "2141"]

1.Nf3 d5 2.c4 c6 3.e3 Nf6 4.d4 g6 5.Be2 Bg7 6.O-O O-O 7.Nbd2 dxc4 8.Nxc4 b5
9.Nce5 Bb7 10.a4 a6 11.Qc2 Qd6 12.e4 Nfd7 13.Bf4 Nxe5 14.dxe5 Qe6 15.Rfd1 f6
16.Nd4 Qf7 17.axb5 cxb5 18.Bg4 Kh8 19.Ne6 f5 20.exf5 gxf5 21.Nxf8  1-0

[Event "Vizag GM Open 2012"]
[Site "Visakhapatnam IND"]
[Date "2012.10.27"]
[Round "3.17"]
[White "Rahman,Zia"]
[Black "Chakravarthi,Y"]
[Result "1/2-1/2"]
[WhiteElo "2502"]
[BlackElo "2117"]

1.Nf3 d5 2.c4 c6 3.e3 Nf6 4.Nc3 a6 5.Qc2 g6 6.d4 Bg7 7.Bd3 O-O 8.O-O Nbd7
9.Rd1 b5 10.b3 Re8 11.e4 b4 12.Na4 dxe4 13.Bxe4 Nxe4 14.Qxe4 Bb7 15.Bf4 Qc8
16.c5 Nf6 17.Qe1 Nd5 18.Bd2 a5 19.Ne5 Ba6 20.a3 Rb8 21.axb4 axb4 22.Nb2 Bb5
23.Nbc4 Qf5 24.Rdc1 Bxc4 25.Rxc4 Bxe5 26.dxe5 Ra8 27.h4 Rxa1 28.Qxa1 Qd3
29.Qb2 Qe2 30.Rc1 Nf4 31.Re1 Qg4 32.Bxf4 Qxf4 33.g3 Qf3 34.e6 Rf8 35.exf7+ Rxf7
36.Qc2 Qf5 37.Re4 e6 38.Qe2 Rf6 39.Rxb4 Qxc5 40.Rb8+ Kg7 41.Qb2 e5 42.b4 Qd6
43.Ra8 Qd1+ 44.Kh2 Qd4 45.Qxd4 exd4 46.Kg2 Rd6 47.Kf1 d3 48.Ke1 Kf6 49.Kd2 Ke5
50.h5 gxh5 51.Ra5+ Kd4 52.Rxh5 Kc4 53.Rxh7 Kxb4 54.Rh4+ Kb3 55.Rh5 Kb4 56.Rh4+ Kb3
57.Rh8 c5 58.Rb8+ Kc4 59.Rf8 Kb4 60.Rb8+ Kc4 61.Re8 Kb4  1/2-1/2

[Event "16th OIBM 2012"]
[Site "Bad Wiessee GER"]
[Date "2012.10.28"]
[Round "2.5"]
[White "Wenner,T"]
[Black "Landa,K"]
[Result "0-1"]
[WhiteElo "2132"]
[BlackElo "2641"]

1.Nf3 d5 2.c4 d4 3.g3 g6 4.d3 Bg7 5.b4 e5 6.Nbd2 Ne7 7.Bg2 a5 8.b5 c5 9.bxc6 Nexc6
10.Rb1 Na6 11.a3 O-O 12.O-O Rb8 13.Ne1 h6 14.Nc2 Bd7 15.a4 Ncb4 16.Na3 Na2
17.Bb2 Bc6 18.Nb5 Re8 19.Ne4 Bf8 20.Qb3 N2b4 21.Qd1 f5 22.Nd2 Nc5 23.Ba3 Ra8
24.Bb2 Bg7 25.Ra1 Qd7 26.Nb3 b6 27.Nxc5 bxc5 28.Bxc6 Qxc6 29.Ba3 e4 30.Bxb4 axb4
31.Ra2 h5 32.a5 Ra6 33.Qc1 e3 34.fxe3 dxe3 35.Rf3 b3 36.Ra3 b2 37.Qe1 Rea8
38.Rf1 Qd7 39.Ra2 Qd8 40.Nc3 Rb8 41.Nb5 Be5 42.Qb1 h4 43.Kg2 hxg3 44.hxg3 Bxg3
45.Qxb2 Qg5 46.Kh1 Rb7  0-1

[Event "4th Marcel Duchamp Open"]
[Site "Buenos Aires ARG"]
[Date "2012.10.28"]
[Round "6.5"]
[White "Quenallata,L"]
[Black "Ferro,E"]
[Result "1/2-1/2"]
[WhiteElo "2154"]
[BlackElo "2214"]

1.Nf3 d5 2.c4 d4 3.g3 Nc6 4.Bg2 e5 5.d3 Nf6 6.O-O Be7 7.Na3 O-O 8.Nc2 Re8
9.Nd2 a5 10.b3 Bf5 11.Rb1 Qd7 12.Re1 Nb4 13.a3 Na2 14.Bb2 Nc3 15.Bxc3 dxc3
16.Nf1 c6 17.Ra1 Ng4 18.Nce3 Bc5 19.Qc2 e4 20.dxe4 Nxe3 21.Nxe3 Bxe3 22.fxe3 Qd2
23.Qxd2 cxd2 24.Red1  1/2-1/2

[Event "Chigorin Memorial"]
[Site "St Petersburg RUS"]
[Date "2012.10.28"]
[Round "2.103"]
[White "Spielmann,Al"]
[Black "Panov,Ivan"]
[Result "1-0"]
[WhiteElo "2235"]
[BlackElo "2021"]

1.Nf3 d5 2.c4 c6 3.d4 e6 4.e3 f5 5.Bd3 Nf6 6.O-O Bd6 7.b3 O-O 8.Ba3 Bxa3
9.Nxa3 Ne4 10.Ne5 Nd7 11.f4 Nxe5 12.fxe5 Qg5 13.Qe2 Bd7 14.Bxe4 fxe4 15.Nc2 Rxf1+
16.Rxf1 Rf8 17.Rxf8+ Kxf8 18.c5 Be8 19.Qf2+ Ke7 20.Qf4 Qh5 21.g4 Qh4 22.Kg2 Bf7
23.Qg3 Qxg3+ 24.Kxg3 g5 25.h4 h6 26.hxg5 hxg5 27.Na3 Be8 28.Nb1 Bd7 29.Nc3 Be8
30.Nd1 Bd7 31.Nf2 Kf7 32.Nh3 Kg6 33.Kf2 Be8 34.b4 Bf7 35.Ng1 Be8 36.Ne2 Kg7
37.Nc1 Kf7 38.Ne2 Ke7 39.Ng3 Bg6 40.Nh5 Kf7 41.Nf6 Ke7 42.Ke2 Kf8 43.Kd2 Ke7
44.Kc3 Kd8 45.a4 Kc7 46.b5 a6 47.bxa6 bxa6 48.Kb4 Kc8 49.Ka5 Kb7 50.Nh5 Ka7
51.Ng3 Kb7 52.Ne2 Bh7 53.Ng1 Bf5 54.gxf5 exf5 55.Nh3 f4 56.exf4 g4 57.Ng1  1-0

[Event "16th OIBM 2012"]
[Site "Bad Wiessee GER"]
[Date "2012.10.29"]
[Round "3.14"]
[White "Eingorn,V"]
[Black "Lutz,Albert"]
[Result "1-0"]
[WhiteElo "2550"]
[BlackElo "2196"]

1.Nf3 d5 2.c4 c6 3.e3 Nf6 4.Nc3 a6 5.h3 e6 6.d4 Nbd7 7.Qc2 dxc4 8.a4 Bd6
9.Bxc4 O-O 10.O-O e5 11.Rd1 exd4 12.exd4 Qc7 13.Bb3 h6 14.Bxh6 gxh6 15.Qg6+ Kh8
16.Qxh6+ Nh7 17.Ng5 Nf6 18.Nce4 Bf5 19.Nxf6 Bh2+ 20.Kh1 Bf4 21.Nfxh7 Bxg5
22.Nxg5+ Kg8 23.Qf6  1-0

[Event "US Chess League 2012"]
[Site "ICC INT"]
[Date "2012.10.29"]
[Round "9"]
[White "Bregadze,L"]
[Black "Mohandesi,S"]
[Result "1/2-1/2"]
[WhiteElo "2366"]
[BlackElo "2180"]

1.Nf3 d5 2.c4 c6 3.e3 Nf6 4.Nc3 a6 5.b3 Bg4 6.h3 Bh5 7.g4 Bg6 8.Ne5 Nbd7
9.Nxg6 hxg6 10.g5 Ne4 11.cxd5 cxd5 12.Nxe4 dxe4 13.Qc2 e6 14.Qxe4 Nc5 15.Qg2 Nd3+
16.Bxd3 Qxd3 17.Qxb7 Rd8 18.Qc6+ Rd7 19.Qc8+ Rd8 20.Qc4 Qxc4 21.bxc4 Rh4
22.f4 e5 23.Ke2 exf4 24.d4 Be7 25.Kf3 Bxg5 26.exf4 Bf6 27.Bb2 Kd7 28.Rae1 Rdh8
29.Kg3 R4h5 30.Re3 Rc8 31.c5 Rd5 32.Kf3 Kc6 33.Rd1 Rcd8 34.Red3 Rh8 35.Ra3 Rxh3+
36.Ke4 Rxa3 37.Bxa3 a5 38.Rd3 a4 39.Rd1 Bd8 40.Rb1 Rh5 41.Rd1 Rd5 42.Rh1 Bf6
43.Rd1 Bd8 44.Rb1 Bc7 45.Rb4 Rh5 46.Rxa4 f5+ 47.Kd3 Kd5 48.Ra7 Rh3+ 49.Kc2 Bxf4
50.Bb2 g5 51.Rd7+ Kc4 52.c6 Rh2+ 53.Kb1 Rh1+ 54.Kc2 Rh2+ 55.Kb1 Rh1+ 56.Kc2 Rh2+
57.Kb1 Rh1+  1/2-1/2

[Event "Hotel Carilo GM"]
[Site "Pinamar ARG"]
[Date "2012.10.29"]
[Round "9.5"]
[White "Dolezal,C"]
[Black "Ortiz Suarez,I"]
[Result "1/2-1/2"]
[WhiteElo "2417"]
[BlackElo "2579"]

1.Nf3 d5 2.c4 c6 3.e3 Nf6 4.Nc3 e6 5.b3 Nbd7 6.d4 Bb4 7.Bd2 Bd6 8.Bd3 O-O
9.e4 dxc4 10.Bxc4 e5 11.dxe5  1/2-1/2

[Event "Vizag GM Open 2012"]
[Site "Visakhapatnam IND"]
[Date "2012.10.29"]
[Round "6.4"]
[White "Sangma,R"]
[Black "Deviatkin,A"]
[Result "1/2-1/2"]
[WhiteElo "2345"]
[BlackElo "2588"]

1.Nf3 d5 2.c4 c6 3.e3 Nf6 4.Nc3 e6 5.Qc2 Nbd7 6.b3 b6 7.cxd5 exd5 8.d4 Bd6
9.Bd3 O-O 10.O-O Bb7 11.Bb2 Re8 12.Rfe1 Rc8 13.Rac1 Rc7 14.h3 h6 15.Nh4 a6
16.Qe2 b5 17.Bb1 g6 18.Nf3 Bc8 19.Nd2 Nf8 20.Qf1 Rce7 21.Nf3 Rc7 22.e4 Bf4
23.e5 Bxc1 24.Bxc1 N6h7 25.Bxh6 c5 26.Be3 cxd4 27.Bxd4 Rc6 28.a4 bxa4 29.Nxa4 Ne6
30.Be3 Nhg5 31.Nxg5 Nxg5 32.f4 Ne4 33.Bxe4 dxe4 34.Nc5 Qe7 35.Nxe4 Bb7  1/2-1/2

[Event "4th Marcel Duchamp Open"]
[Site "Buenos Aires ARG"]
[Date "2012.10.30"]
[Round "8.13"]
[White "Flores,N"]
[Black "Cativelli,G"]
[Result "0-1"]
[WhiteElo "1944"]
[BlackElo "2173"]

1.Nf3 d5 2.c4 c6 3.b3 Bf5 4.Bb2 e6 5.g3 Nf6 6.Bg2 h6 7.O-O Be7 8.d3 O-O 9.Nc3 a5
10.Nh4 Bh7 11.cxd5 cxd5 12.f4 Ng4 13.Rf3 Nc6 14.e3 d4 15.Ne4 Nxe3 16.Rxe3 dxe3
17.Qg4 Nd4 18.Nf3 f5 19.Qh3 Nxf3+ 20.Bxf3 fxe4 21.Qxe6+ Kh8 22.Qxh6 Bf6 23.Bxe4 gxh6  0-1

[Event "7th Kavalier Open"]
[Site "Vienna AUT"]
[Date "2012.10.30"]
[Round "5.4"]
[White "Steinert,Mart"]
[Black "Gratze,M"]
[Result "1-0"]
[WhiteElo "2094"]
[BlackElo "1983"]

1.Nf3 d5 2.c4 c6 3.e3 Nf6 4.b3 e6 5.Bb2 Nbd7 6.Qc2 Bd6 7.Be2 e5 8.d3 a6 9.Nbd2 Qe7
10.cxd5 cxd5 11.O-O O-O 12.e4 Nc5 13.Rfe1 b5 14.exd5 Nxd5 15.d4 Nb4 16.Qb1 Ne6
17.dxe5 Bc5 18.Ne4 Bb6 19.Nd6 Qa7 20.Rf1 Nf4 21.Qe4 Nxe2+ 22.Qxe2 Be6 23.Qe4 Nd5
24.Ng5 g6 25.Rad1 Qe7 26.Qh4 h5 27.Nde4 Kg7 28.Nf6 Rad8 29.Nge4 Rd7 30.Qg5 Rh8
31.Nxd7 Qxd7 32.Nf6 Qb7 33.Nxd5 Bxd5 34.e6+  1-0

[Event "4th Marcel Duchamp Open"]
[Site "Buenos Aires ARG"]
[Date "2012.10.31"]
[Round "9.1"]
[White "Ricardi,P"]
[Black "Barrionuevo,P"]
[Result "1-0"]
[WhiteElo "2505"]
[BlackElo "2271"]

1.Nf3 d5 2.c4 e6 3.d4 c5 4.cxd5 exd5 5.Nc3 Nc6 6.g3 Nf6 7.Bg2 Be7 8.O-O O-O
9.dxc5 Bxc5 10.Bg5 d4 11.Bxf6 Qxf6 12.Nd5 Qd8 13.Nd2 a6 14.Rc1 Ba7 15.Nb3 Qd6
16.Qd2 Be6 17.Qf4 Qd8 18.Nc7 Bxb3 19.Nxa8 Bxa2 20.Bxc6 bxc6 21.Nc7 c5 22.Nxa6 Qa5
23.Nxc5 Bxc5 24.Qf5 Bb6 25.Qxa5 Bxa5 26.Ra1 Bc4 27.Rxa5 Bxe2 28.Re1 d3 29.Rxe2 dxe2
30.Re5 Rd8 31.Rxe2 Rd1+ 32.Kg2 g6 33.Kf3 h5 34.h4  1-0

[Event "Chigorin Memorial"]
[Site "St Petersburg RUS"]
[Date "2012.10.31"]
[Round "5.111"]
[White "Samdanov,S"]
[Black "Kondratiev,D"]
[Result "1-0"]
[WhiteElo "2221"]
[BlackElo "1972"]

1.Nf3 d5 2.c4 c6 3.d4 Nf6 4.Nc3 dxc4 5.a4 Bg4 6.Ne5 Bh5 7.f3 Nfd7 8.Nxc4 e5
9.Be3 Bb4 10.Qb3 Qe7 11.Nxe5 Nxe5 12.dxe5 O-O 13.f4 Na6 14.Qc4 Rac8 15.Kf2 Kh8
16.Rc1 f6 17.exf6 Rxf6 18.Nd5 cxd5 19.Qxc8+ Rf8 20.Bd4 Nb8 21.Qc7 Nd7 22.e3 Bd6
23.Qc3 Ne5 24.Kg1 Ng4 25.Be2 Bb4 26.Qc7 Re8 27.Qxe7 Bxe7 28.h3 Nxe3 29.Bxh5  1-0

[Event "Chigorin Memorial"]
[Site "St Petersburg RUS"]
[Date "2012.11.01"]
[Round "6.161"]
[White "Nikiforov,Vy"]
[Black "Levdansky,Alexey"]
[Result "1-0"]
[WhiteElo "1863"]
[BlackElo "1700"]

1.Nf3 d5 2.c4 Nf6 3.g3 c6 4.b3 Bf5 5.Bg2 d4 6.d3 e5 7.O-O Nbd7 8.Bb2 Bc5
9.Na3 O-O 10.Nc2 a5 11.h3 Re8 12.g4 Bg6 13.Nh4 Nf8 14.Ba3 Bxa3 15.Nxa3 Qd6
16.Nc2 Ne6 17.a3 Nf4 18.Qd2 Rad8 19.Nxg6 Nxg6 20.b4 axb4 21.axb4 Nf4 22.Ra7 Nxg2
23.Kxg2 c5 24.Kg1 e4 25.Rxb7 e3 26.fxe3 dxe3 27.Qe1 cxb4 28.Rxb4 h5 29.g5 Nh7
30.h4 Nf8 31.Rb7 Rd7 32.Rxd7 Qxd7 33.Rf3 Ng6 34.Qg3 Ra8 35.Nxe3 Ra1+ 36.Rf1 Ra2
37.Rf2 Ra1+ 38.Kg2 Qd4 39.Nf5 Qb2 40.Ne3 Qd4 41.Nc2 Qc3 42.Nxa1 Qxa1 43.Rf5 Qa8+
44.Kh2 Qa7 45.Qf2 Qa8 46.d4 Qb8+ 47.Kg2 Qb7+ 48.d5 Qe7 49.Kg1 Qe4 50.d6 Nxh4
51.Rf4 Qb1+ 52.Kh2 Ng6 53.Rxf7 Qb8 54.c5 Qb2 55.Rf5 h4 56.d7 Qb8+ 57.Kg1 h3
58.Rf3 Qb1+ 59.Kh2 Qb8+ 60.Qg3 Qd8 61.c6  1-0

[Event "Chigorin Memorial"]
[Site "St Petersburg RUS"]
[Date "2012.11.01"]
[Round "6.95"]
[White "Solovyov,V"]
[Black "Popelyshev,I"]
[Result "1-0"]
[WhiteElo "2265"]
[BlackElo "2071"]

1.Nf3 d5 2.c4 c6 3.d4 Nf6 4.Qc2 g6 5.Bf4 Bf5 6.Qb3 Qb6 7.e3 Na6 8.Nc3 Bg7
9.c5 Qxb3 10.axb3 Nb4 11.Ra4 Nd3+ 12.Bxd3 Bxd3 13.Ne5 Bb5 14.Ra5 a6 15.Nxb5 cxb5
16.h3 Nd7 17.c6 Nxe5 18.cxb7 Rb8 19.Bxe5 Bxe5 20.dxe5 Rxb7 21.Rxa6 Kd7 22.Ke2 Rc8
23.Rd1 Rbc7 24.Kd3 Rc6 25.Ra5 Rb6 26.Rd2 Ke6 27.Kd4 h5 28.h4 f6 29.exf6 Kxf6
30.Kd3 e6 31.Ra7 Rc1 32.Rd7 b4 33.Kd4 Rb5 34.Kd3 Rb6 35.Ke2 Rb5 36.Kf3 Rb6
37.Kf4 Rc8 38.Kg3 Rcc6 39.Re2 Rd6 40.Rh7 e5 41.Kf3 d4 42.Ke4 Rbc6 43.Rd2 dxe3
44.Rxd6+ Rxd6 45.Kxe3 Rd4 46.g3 Ke6 47.Rc7 Kf5 48.Rf7+ Ke6 49.Rf8 Rg4 50.Re8+ Kd5
51.Kf3 Rd4 52.Rd8+ Kc5 53.Rc8+ Kd6 54.Rd8+ Kc5 55.Rg8 Kd5 56.Ke2 Rg4 57.Rd8+ Kc5
58.Kd3 g5 59.hxg5 Rxg5 60.Ke4 h4 61.gxh4 Rh5 62.Rd5+ Kc6 63.Rd3 Rxh4+ 64.Kxe5 Rh2
65.f4 Rxb2 66.f5 Re2+ 67.Kf6 Rc2 68.Ke7 Rc3 69.Rd6+ Kc7 70.f6 Rxb3 71.f7 Rf3
72.Rf6 Re3+ 73.Re6  1-0

[Event "Venetian Autumn Masters 2012"]
[Site "Venice ITA"]
[Date "2012.11.01"]
[Round "1.8"]
[White "Rorato,R"]
[Black "Bianchi,An"]
[Result "0-1"]
[WhiteElo "2026"]
[BlackElo "2148"]

1.Nf3 d5 2.c4 e6 3.g3 Nf6 4.Bg2 Be7 5.O-O O-O 6.d4 dxc4 7.Qc2 a6 8.Qxc4 b5
9.Qd3 Bb7 10.Bg5 c5 11.dxc5 Qxd3 12.exd3 Bxc5 13.Nbd2 Nbd7 14.Rac1 Rac8 15.Rfd1 h6
16.Be3 Rfd8 17.Ne5 Bxg2 18.Nxd7 Bxe3 19.Nxf6+ gxf6 20.Rxc8 Rxc8 21.fxe3 Bb7
22.Nf1 f5 23.Kf2 b4 24.Ke2 Rc2+ 25.Rd2 Rc1 26.h4 a5 27.Nh2 a4 28.Rd1 Rc7
29.Kd2 Bd5 30.a3 bxa3 31.bxa3 Rb7 32.Rc1 Kg7 33.Rc3 Kf6 34.Nf1 Bg2 35.Nh2 h5
36.Kc2 Rb8 37.Rc4 Rg8 38.Rxa4 Rxg3 39.Rf4 Rxe3 40.Rf2 Bc6 41.Nf1 Rf3 42.Rxf3 Bxf3
43.d4 f4 44.Nh2 Be4+ 45.Kd2 Kf5 46.a4 f6 47.a5 e5 48.dxe5 fxe5 49.a6 Bc6
50.a7 e4 51.Ke2 Ke5 52.Kd2 Kd6 53.Ke2 Bd5 54.Kd2 Kc7 55.Kc3 Kb7 56.Kd4 Bc6
57.Kc5 Ba4 58.Kd5 Bc2 59.Ke5 f3 60.Kf4 Kxa7 61.Kg5 f2 62.Kxh5 e3  0-1

[Event "TCh-NOR Eliteserien 2012-13"]
[Site "Haraldsheim NOR"]
[Date "2012.11.02"]
[Round "1"]
[White "Johansen,P"]
[Black "Laverton,C"]
[Result "1/2-1/2"]
[WhiteElo "2115"]
[BlackElo "2096"]

1.Nf3 d5 2.c4 c6 3.e3 Nf6 4.Nc3 a6 5.d4 b5 6.cxd5 cxd5 7.a3 Bg4 8.Be2 Nbd7
9.h3 Bxf3 10.Bxf3 e6 11.O-O Be7 12.e4 dxe4 13.Nxe4 Rc8 14.Nc3 O-O 15.Bf4 Qb6
16.Be3 Qb8 17.Qe2 Rfe8 18.Rac1 Nb6 19.Ne4 Nxe4 20.Bxe4 Bf6 21.Rxc8 Rxc8 22.Qh5 g6
23.Qf3 Bg7 24.Rd1 Rd8 25.Bf4 Qa7 26.Rc1 Qe7 27.Rc7 Rd7 28.Qc3 Rxc7 29.Bxc7 Bxd4
30.Qc6 Nc4 31.b3 Nd2 32.Bc2 Qxa3 33.Bd3 Qa1+ 34.Kh2 Bxf2 35.h4 Qg1+ 36.Kh3 Qh1+
37.Bh2 Bg1 38.Qc8+ Kg7 39.Qc3+ Kf8 40.Qc8+ Ke7 41.Qc7+ Kf6 42.Qe5+ Ke7 43.Qc7+ Kf8
44.Qc8+ Kg7 45.Qc3+ f6 46.Qc7+ Kf8  1/2-1/2

[Event "2nd Novara Open A 2012"]
[Site "Novara ITA"]
[Date "2012.11.02"]
[Round "1.5"]
[White "Stella,A"]
[Black "Fusco,Roberto"]
[Result "1-0"]
[WhiteElo "2454"]
[BlackElo "2014"]

1.Nf3 d5 2.c4 c6 3.d4 dxc4 4.e3 Be6 5.Qc2 Nf6 6.Bxc4 Bxc4 7.Qxc4 e6 8.O-O Be7
9.Nc3 Nbd7 10.e4 O-O 11.Rd1 Rc8 12.Qe2 Qc7 13.Bg5 e5 14.d5 cxd5 15.exd5 Bd6
16.Nb5 Qb8 17.Bxf6 Nxf6 18.Nh4 e4 19.g3 g6 20.Qd2 a6 21.Nc3 Be5 22.Rac1 Qd6
23.Qg5 Kh8 24.Ng2 Kg7 25.Ne3 Kh8 26.Qh4 Bxc3 27.Rxc3 Rfe8 28.Rxc8 Rxc8 29.Qg5 b5
30.Kg2 Re8 31.Rc1 Qe5 32.Qxe5 Rxe5 33.Rc8+ Re8 34.Rc6 Kg7 35.Rxa6 Rd8 36.Rb6 Nxd5
37.Rxb5 Nxe3+ 38.fxe3 Rd2+ 39.Kg1 Rd1+ 40.Kf2 Rd2+ 41.Ke1 Rxh2 42.a4 Rc2
43.a5 Rc1+ 44.Kd2 Ra1 45.Kc2 f5 46.b3 Ra2+ 47.Kb1 Rd2 48.a6 Rd8 49.a7 Ra8
50.Rb7+ Kf6 51.Kc2 h5 52.b4 Ke6 53.b5 g5 54.b6 h4 55.gxh4  1-0

[Event "Venetian Autumn Masters 2012"]
[Site "Venice ITA"]
[Date "2012.11.02"]
[Round "2.9"]
[White "Rorato,R"]
[Black "Gallo,E"]
[Result "0-1"]
[WhiteElo "2026"]
[BlackElo "2092"]

1.Nf3 d5 2.c4 c6 3.Qc2 Nf6 4.g3 g6 5.Bg2 d4 6.O-O Bg7 7.d3 O-O 8.e3 c5 9.exd4 cxd4
10.b4 a5 11.b5 Nbd7 12.Ba3 Re8 13.Nbd2 Qc7 14.Nxd4 Ng4 15.Bb2 Nc5 16.N2b3 Na4
17.Ba3 e5 18.Ne2 e4 19.Bxe4 Bxa1 20.Rxa1 Qe5 21.Bf3 Qh5 22.h4 Ne3 23.fxe3 Qxf3
24.Nbd4 Qxe3+ 25.Kg2 Bg4 26.Re1 Bxe2 27.Nxe2 Nc5 28.Nf4 Qxe1 29.Bxc5 Rad8
30.Bf2 Qe5 31.Bb6 Rc8 32.Bxa5 Qxb5 33.Bc3 Qc6+ 34.Kh2 Qf3 35.a4 Re3 36.Qg2 Qxg2+
37.Kxg2 Rxc4  0-1

[Event "TCh-AUT 2012-13"]
[Site "Hohenems AUT"]
[Date "2012.11.03"]
[Round "2.1"]
[White "Baramidze,D"]
[Black "Lenic,L"]
[Result "1-0"]
[WhiteElo "2615"]
[BlackElo "2637"]

1.Nf3 d5 2.c4 c6 3.e3 g6 4.d4 Nf6 5.Nc3 Bg7 6.Be2 O-O 7.O-O Be6 8.b3 Ne4
9.Nxe4 dxe4 10.Nd2 c5 11.Nxe4 cxd4 12.Bf3 Nc6 13.Nc5 Bc8 14.Bxc6 bxc6 15.e4 e5
16.a4 a5 17.Ba3 Re8 18.Qd2 Rb8 19.b4 axb4 20.Rfb1 Bf8 21.Rxb4 Rxb4 22.Qxb4 Qg5
23.Qb3 Qd2 24.Bb4 Qe2 25.Re1 Qg4 26.Nd3 Qg5 27.Kf1 Bg7 28.a5 f5 29.Qa4 fxe4
30.Qxc6 Qd8 31.Nc5 e3 32.a6 Bg4 33.h3 Bf5 34.fxe3 dxe3 35.Qd5+ Qxd5 36.cxd5 Ra8
37.d6 Bf8 38.Rd1 Bc2 39.Rc1 Bf5 40.Rd1 Kf7 41.d7 Be7 42.g4 Bc2 43.Rc1 Rxa6
44.Nxa6 Bd3+ 45.Kg1 Bxa6 46.Ba5  1-0

[Event "TCh-AUT 2012-13"]
[Site "Hohenems AUT"]
[Date "2012.11.03"]
[Round "2.6"]
[White "Schreiner,Pe"]
[Black "Kessler,L"]
[Result "1-0"]
[WhiteElo "2439"]
[BlackElo "2234"]

1.Nf3 d5 2.c4 e6 3.g3 Nf6 4.Bg2 dxc4 5.Qa4+ Nbd7 6.O-O a6 7.Qxc4 b5 8.Qc2 Bb7
9.d3 c5 10.a4 Be7 11.Nc3 b4 12.Nb1 O-O 13.Nbd2 Rc8 14.a5 Qc7 15.Nc4 Bc6 16.Bf4 Qa7
17.e4 Rfd8 18.Nfd2 Bb5 19.h3 Ne8 20.Be3 Nd6 21.f4 Nxc4 22.dxc4 Bc6 23.e5 Bxg2
24.Kxg2 Nb8 25.Nb3 Nc6 26.Qe4 Nd4 27.Bxd4 cxd4 28.Rac1 Bc5 29.Rfd1 Rd7 30.Rd3 h6
31.Rcd1 Qc7 32.h4 Ba7 33.Rc1 Bc5 34.h5 Rcd8 35.Kh3 Rc8 36.Rg1 Ba7 37.Rc1 Qc6
38.Qxc6 Rxc6 39.c5 f6 40.Rxd4 Rxd4 41.Nxd4 Rxc5 42.Rxc5 Bxc5 43.Nxe6 Be7
44.exf6 Bxf6 45.b3 Kf7 46.Nc5 Bd8 47.Kg4 Kf6 48.Nxa6 Bxa5 49.Nc5 Bc7 50.Kf3 Bd8
51.Ke4 Be7 52.Nd3 Ke6 53.g4 Bd6 54.Nb2 Be7 55.Nc4 Bd8 56.Ne3 Bc7 57.Nd5 Bd6
58.g5 hxg5 59.fxg5 Bc5 60.Nf4+ Kf7 61.Kf5 Be3 62.Ng6 Bd2 63.Ne5+ Ke7 64.Kg6 Bc3
65.Nc6+ Kd6 66.Nxb4 Bxb4 67.Kxg7 Ke7 68.g6 Bc3+ 69.Kh7  1-0

[Event "TCh-NED Meesterklasse 2012-13"]
[Site "Netherland NED"]
[Date "2012.11.03"]
[Round "3.3"]
[White "Kabatianski,A"]
[Black "Smeets,J"]
[Result "1/2-1/2"]
[WhiteElo "2404"]
[BlackElo "2609"]

1.Nf3 d5 2.c4 c6 3.e3 e6 4.Nc3 Nd7 5.d4 f5 6.b3 Ngf6 7.Bb2 Ne4 8.Qc2 Bd6
9.g3 O-O 10.Bg2 b6 11.O-O Bb7 12.Ne2 Qf6 13.Nf4 Rae8 14.Nd3 Qh6 15.Rae1 Ndf6
16.Nfe5 Ng4 17.h3 Nxe5 18.dxe5 Be7 19.Kh2 dxc4 20.bxc4 Rd8 21.Rd1 c5 22.f3 Ng5
23.Qe2 Bc6 24.h4 Nf7 25.Kg1 g5 26.hxg5 Nxg5 27.Nf4 Ba4 28.Rxd8 Rxd8 29.Kf2 Rd7
30.Bc3 Qf8 31.Rh1  1/2-1/2

[Event "Chigorin Memorial"]
[Site "St Petersburg RUS"]
[Date "2012.11.03"]
[Round "8.73"]
[White "Leontiev,Alek"]
[Black "Mrykhin,Igor"]
[Result "1-0"]
[WhiteElo "2321"]
[BlackElo "2110"]

1.Nf3 d5 2.c4 c6 3.g3 Bf5 4.Qb3 Qb6 5.cxd5 Qxb3 6.axb3 Bxb1 7.dxc6 Nxc6 8.Rxb1 e6
9.Bg2 Na5 10.Nd4 Rc8 11.d3 Bc5 12.Bd2 Bxd4 13.Bxa5 b6 14.Bd2 Ne7 15.e3 Bf6
16.Ke2 O-O 17.Rhc1 a5 18.d4 Nd5 19.Rc4 Nb4 20.Rbc1 Rcd8 21.Bxb4 axb4 22.Rxb4 Rd6
23.Rc6 Rxc6 24.Bxc6 Rb8 25.Ra4 g6 26.Kd3 b5 27.Rb4 Rb6 28.Bxb5 Be7 29.Kc4 Bxb4
30.Kxb4 Rb8 31.Kc5 Kf8 32.b4 Ke7 33.Bc6 Kd8 34.e4 f5 35.d5 exd5 36.exd5 Ke7
37.d6+ Ke6 38.b5 f4 39.b6 fxg3 40.fxg3 Rf8 41.b7 h5 42.Be4 g5 43.Kc6 h4 44.g4 h3
45.Bf5+ Ke5 46.Bc8  1-0

[Event "Chigorin Memorial"]
[Site "St Petersburg RUS"]
[Date "2012.11.03"]
[Round "8.85"]
[White "Vuilleumier,A"]
[Black "Marusenko,P"]
[Result "0-1"]
[WhiteElo "2326"]
[BlackElo "2175"]

1.Nf3 d5 2.c4 c6 3.cxd5 cxd5 4.d4 Nc6 5.Nc3 Nf6 6.Bf4 Nh5 7.Bd2 Nf6 8.Bf4 Nh5
9.Bd2 Nf6 10.e3 e6 11.Bd3 Be7 12.O-O O-O 13.a3 b6 14.b4 Bb7 15.Qe2 Rc8 16.Rfc1 Bd6
17.g3 e5 18.Bf5 e4 19.Ne1 Ra8 20.Nb5 Bb8 21.a4 h5 22.a5 a6 23.Nc3 b5 24.Na2 g6
25.Bh3 h4 26.Rc2 Kg7 27.Nc1 Bd6 28.Rb1 hxg3 29.hxg3 Rh8 30.Bg2 Rh5 31.Nb3 Ne7
32.Nc5 Bc8 33.f3 exf3 34.Bxf3 Rh3 35.e4 Rxg3+ 36.Ng2 Bxc5 37.dxc5 dxe4 38.Bc3 Rxf3
39.Qxe4 Rxc3  0-1

[Event "TCh-NOR Eliteserien 2012-13"]
[Site "Haraldsheim NOR"]
[Date "2012.11.04"]
[Round "3"]
[White "Borchgrevink,H"]
[Black "Laverton,C"]
[Result "1-0"]
[WhiteElo "2280"]
[BlackElo "2096"]

1.Nf3 d5 2.c4 c6 3.e3 Nf6 4.Nc3 a6 5.a4 e6 6.d4 c5 7.Be2 Nc6 8.O-O Be7 9.Ne5 cxd4
10.exd4 dxc4 11.Nxc6 bxc6 12.Bxc4 O-O 13.Be3 Rb8 14.Qe2 a5 15.Bf4 Rb4 16.Rfd1 Re8
17.b3 Nd5 18.Bd2 Nxc3 19.Bxc3 Rb8 20.Qe5 Bb4 21.Bxb4 Rxb4 22.Rd3 Qb6 23.Rg3 g6
24.h4 Ba6 25.h5 Bxc4 26.h6 f6 27.Qxf6 Qa7 28.bxc4 Qf7 29.Qe5 Qf8 30.Qxa5 Rxc4
31.Qd2 Qf6 32.Rd3 Rd8 33.Qa2 Rcxd4 34.Rxd4 Rxd4 35.a5 Kf7 36.Rb1 Qf4 37.Re1 Re4
38.Rxe4 Qxe4 39.a6 Qe1+ 40.Kh2 Qc1 41.g3 Qxh6+ 42.Kg1 Qf8 43.a7 Qa8 44.Qa5  1-0

[Event "Chigorin Memorial"]
[Site "St Petersburg RUS"]
[Date "2012.11.04"]
[Round "9.160"]
[White "Glazov,A"]
[Black "Petrochenko,Maria"]
[Result "1-0"]
[WhiteElo "1835"]
[BlackElo "1716"]

1.Nf3 d5 2.c4 d4 3.d3 c5 4.g3 Nc6 5.Bg2 e5 6.O-O Bd6 7.Nbd2 Nge7 8.Ne4 O-O
9.e3 f5 10.Nxd6 Qxd6 11.Re1 Ng6 12.Ng5 Nce7 13.exd4 exd4 14.Qh5 h6 15.Nh3 Rd8
16.Nf4 Nxf4 17.Bxf4 Qf6 18.Re2 Ng6 19.Bc7 Rf8 20.Bd5+ Kh7 21.f4 Ne7 22.Bf3 Nc6
23.Rae1 Rf7 24.Be5 Nxe5 25.Rxe5 g6 26.Qh3 Qd6 27.Re8 Qf6 28.Bd5 Rc7 29.Rg8 h5
30.Ree8 Kh6 31.Rgf8 Qd6 32.Qh4 Kg7 33.Rg8+  1-0